La terre avant le déluge / (Record no. 54192)

MARC details
000 -LEADER
campo de control de longitud fija 00791nam a2200217 i 4500
001 - NÚMERO DE CONTROL
campo de control 54192
003 - IDENTIFICADOR DE NÚMERO DE CONTROL
campo de control ES-MaACL
005 - FECHA Y HORA DE LA ÚLTIMA TRANSACCIÓN
campo de control 20251113140547.0
007 - CAMPO FIJO DE DESCRIPCIÓN FÍSICA--INFORMACIÓN GENERAL
campo de control de longitud fija t|
008 - DATOS DE LONGITUD FIJA--INFORMACIÓN GENERAL
campo de control de longitud fija 960716s1864 fr a |||| | fre d
040 ## - FUENTE DE CATALOGACIÓN
Centro catalogador/agencia de origen CAM
Lengua de catalogación spa
Centro/agencia transcriptor CAM
100 1# - ENTRADA PRINCIPAL--NOMBRE DE PERSONA
Nombre de persona Figuier, Louis,
Fechas asociadas al nombre 1819-1894
9 (RLIN) 50814
245 13 - MENCIÓN DEL TÍTULO
Título La terre avant le déluge /
Mención de responsabilidad, etc. par Louis Figuier; ouvrage contenant 25 vues idéales de paysages de l'ancient monde dessinées par Riou ...
260 ## - PUBLICACIÓN, DISTRIBUCIÓN, ETC.
Lugar de publicación, distribución, etc. Paris :
Nombre del editor, distribuidor, etc. Librairie de L. Hachette et Cie.,
Fecha de publicación, distribución, etc. 1864 (
Fabricante Imp. de Ch. Lahure)
300 ## - DESCRIPCIÓN FÍSICA
Extensión XX, 486 p. :
Otras características físicas il. ;
Dimensiones 24 cm.
650 07 - PUNTO DE ACCESO ADICIONAL DE MATERIA--TÉRMINO DE MATERIA
Término de materia o nombre geográfico como elemento de entrada Geología histórica
Fuente del encabezamiento o término embne
9 (RLIN) 13094
650 ## - PUNTO DE ACCESO ADICIONAL DE MATERIA--TÉRMINO DE MATERIA
Término de materia o nombre geográfico como elemento de entrada Tierra (Planeta)-
Subdivisión general Origen.
9 (RLIN) 178537
700 1# - ENTRADA AGREGADA--NOMBRE PERSONAL
Nombre de persona Riou, Édouard,
Fechas asociadas al nombre 1833-1900
9 (RLIN) 97410
852 ## - LOCALIZACIÓN
Ubicación ES-MaACL
Número de control de estantería F-8319
Holdings
Estatus retirado Estado de pérdida Estado de daño No para préstamo Colección Biblioteca de origen Biblioteca actual Ubicación en estantería Fecha de adquisición Fuente de adquisición Total de préstamos Signatura topográfica completa Código de barras Visto por última vez Precio de reemplazo Tipo de ítem Koha
        Libros del s. XIX Biblioteca del Ateneo de Madrid Biblioteca del Ateneo de Madrid Sala Pecera Planta 2 17/01/2008     F-8319 1056951 23/02/2023 23/02/2023 Libro impreso antiguo